000 00696nam a2200229 a 4500
001 56103
003 BD-RjUL
005 20211209080343.0
008 161126s1974 enk||||| |||| 001 0 eng d
020 _a0521065453
035 _a(BD-RjUL)56227
040 _aBD-RjUL
_beng
_cBD-RjUL
_dBD-RjUL
041 _aeng
082 _223
_a822.3
_bSTM 1974
100 _aSteane, J B
_9167011
245 1 0 _aMarlowe :
_ba critical study /
_cJ B Steane
260 _aLondon :
_bCambridge U.P.,
_c1964 [reprinted 1965-1974]
300 _aviii, 383 p. ;
_c24 cm.
500 _aInclude index
650 _a Marlowe, Christopher, -- 1564-1593 -- Criticism and interpretation.
_9167012
942 _2ddc
_cBK
999 _c56103
_d56103